Queensland Australia Baby Names 1990 - Statistics

General Stats
  • This quiz has been taken 54 times
  • The average score is 104 of 200
Answer Stats
Rank Answer Count % Correct
2 Daniel 687
91%
7 James 460
91%
79 Sam 62
91%
15 Samuel 320
91%
56 Stephen 98
91%
73 Alex 70
88%
21 Alexander 204
88%
26 Alexandra 129
88%
30 John 167
88%
67 Mathew 74
88%
1 Matthew 888
88%
12 Thomas 354
88%
43 Anna 94
85%
65 Jessie 61
85%
52 Joseph 108
85%
91 Victoria 48
85%
26 William 175
85%
14 Amanda 194
82%
86 Ben 51
82%
11 David 370
82%
22 Elizabeth 149
82%
1 Jessica 805
82%
5 Michael 565
82%
20 Robert 218
82%
71 Sara 58
82%
8 Andrew 453
79%
92 Charles 46
79%
8 Emily 244
79%
3 Emma 410
79%
25 Jack 181
79%
17 Laura 166
79%
10 Luke 379
79%
39 Mark 134
79%
19 Adam 247
76%
27 Anthony 172
76%
64 Catherine 61
76%
10 Hannah 217
76%
41 Jennifer 96
76%
33 Katherine 111
76%
58 Kathryn 65
76%
67 Lucy 59
76%
28 Peter 172
76%
18 Rachel 156
76%
5 Rebecca 367
76%
92 Aimee 46
73%
7 Amy 250
73%
6 Benjamin 525
73%
13 Danielle 200
73%
9 Lauren 220
73%
37 Lisa 102
73%
15 Nicole 183
73%
54 Paul 101
73%
90 Rebekah 48
73%
70 Richard 73
73%
18 Timothy 255
73%
95 Amelia 44
70%
83 Edward 53
70%
23 Jacob 184
70%
11 Melissa 208
70%
28 Michelle 128
70%
30 Natalie 123
70%
16 Nathan 286
70%
48 Sean 123
70%
49 Shaun 120
70%
12 Ashleigh 200
67%
63 Ashley 61
67%
85 Ethan 52
67%
32 Jade 119
67%
13 Ryan 341
67%
66 Simon 76
67%
34 Ashley 152
64%
27 Chloe 129
64%
53 Claire 96
64%
59 Jonathan 89
64%
91 Jonathon 47
64%
53 Jordan 104
64%
4 Joshua 612
64%
21 Kate 150
64%
95 Kevin 44
64%
55 Zachary 101
64%
17 Aaron 276
61%
19 Hayley 154
61%
38 Jamie 138
61%
42 Katie 95
61%
44 Liam 126
61%
24 Megan 133
61%
9 Nicholas 380
61%
2 Sarah 464
61%
50 Zoe 82
61%
68 Adrian 73
58%
84 Alice 49
58%
85 Christina 49
58%
3 Christopher 615
58%
44 Erin 94
58%
73 Holly 56
58%
35 Jason 148
58%
20 Kayla 151
58%
89 Phillip 50
58%
4 Samantha 380
58%
6 Stephanie 251
58%
33 Steven 158
58%
96 Georgia 43
55%
49 Kelly 83
55%
93 Leah 46
55%
69 Melanie 58
55%
39 Sophie 99
55%
98 Alicia 42
52%
56 Amber 69
52%
43 Dean 126
52%
76 Ellen 53
52%
77 Grace 53
52%
47 Jake 123
52%
99 Jay 42
52%
61 Jeremy 83
52%
36 Jesse 146
52%
42 Kyle 127
52%
40 Lachlan 133
52%
24 Scott 184
52%
35 Brooke 106
48%
86 Christine 49
48%
25 Courtney 131
48%
78 Louise 53
48%
37 Bradley 144
45%
57 Dylan 96
45%
87 Gemma 49
45%
46 Jasmine 92
45%
97 Martin 43
45%
45 Patrick 126
45%
14 Mitchell 337
42%
22 Cameron 197
39%
29 Cassandra 125
39%
93 Gregory 45
39%
96 Hayden 43
39%
29 Justin 171
39%
80 Naomi 52
39%
23 Natasha 147
39%
34 Stacey 111
39%
52 Tiffany 77
39%
16 Caitlin 180
36%
31 Kimberley 120
36%
46 Shane 126
36%
40 Angela 96
33%
51 Bianca 79
33%
66 Jenna 59
33%
32 Joel 159
33%
68 Kristy 58
33%
36 Tara 104
33%
74 Belinda 55
30%
64 Blake 78
30%
61 Jacqueline 62
30%
82 Vanessa 50
30%
31 Brendan 161
27%
94 Crystal 45
27%
100 Damian 41
27%
65 Damien 76
27%
90 Darren 49
27%
62 Krystal 62
27%
58 Reece 90
27%
50 Rhys 115
27%
89 Simone 49
27%
60 Jared 88
24%
100 Kelsey 40
24%
45 Shannon 93
24%
77 Shannon 67
24%
83 Alana 49
21%
78 Brent 64
21%
62 Brett 81
21%
99 Chantelle 41
21%
51 Corey 113
21%
94 Grant 44
21%
88 Kathleen 49
21%
97 Kirsten 43
21%
76 Todd 69
21%
41 Trent 133
21%
71 Troy 73
21%
72 Candice 57
18%
59 Casey 63
18%
60 Jacinta 63
18%
54 Kirsty 75
18%
70 Renee 58
18%
82 Brodie 55
15%
63 Callum 81
15%
87 Cody 51
15%
79 Rhiannon 53
15%
75 Ashlee 53
12%
75 Beau 69
12%
80 Craig 61
12%
69 Dale 73
12%
57 Katrina 68
12%
84 Kieran 53
12%
88 Kurt 51
12%
38 Tamara 100
12%
72 Travis 71
12%
81 Tyson 60
12%
55 Monique 73
9%
81 Skye 51
9%
98 Stuart 43
9%
48 Tegan 84
9%
47 Rachael 91
6%
74 Brenton 70
0%
No matching quizzes found
Score Distribution
Percent of People with Each Score
Percentile by Number Answered
Your Score History
You have not taken this quiz